ბათუმის შოთა რუსთაველის სახელმწიფო უნივერსიტეტის ბიბლიოთეკა

აზიისა და აფრიკის ქვეყნების უახლესი ისტორია. ნაწილი 2. ნაკვეთი 1 : (ბიბ.ჩანაწერი № 63625)

000 -ლიდერი
ფიქსირებული სიგრძის საკონტროლო ველი 01172nam a22002057a 4500
003 - საკონტროლო ნომრის იდენტიფიკატორი
საკონტროლო ველი Ge_BSU
005 - ბოლო ოპერაციის თარიღი და დრო
საკონტროლო ველი 20251117185722.0
008 - ფიქსირებული სიგრძის მონაცემთა ელემენტები - ზოგადი ინფორმაცია
ფიქსირებული სიგრძის საკონტროლო ველი 251117b1970 ge ||||| |||| 00| 0 geo d
041 ## - ენის კოდი
Language code of text/sound track or separate title geo
080 ## - უნივერსალური ათობითი კლასიფიკაციის ინდექსი
Universal Decimal Classification number 94(5) + 94(6) დ-74
100 ## - მთავარი ჩანაწერი - პიროვნების სახელი
Personal name დონაძე, ვარლამი
9 (RLIN) 26247
245 ## - ცნობა სათაურის შესახებ
Title აზიისა და აფრიკის ქვეყნების უახლესი ისტორია. ნაწილი 2. ნაკვეთი 1 :
Remainder of title (1945-1968) /
Statement of responsibility, etc ვ. დონაძე, ალ. მენთეშაშვილი, ი. ცინცაძე.
264 ## - წარმოების, გამოცემის, დისტრიბუციის და სხვა ცნობები
გამოცემის, წარმოების, დისტრიბუციის... ადგილი თბილისი :
გამოცემის, წარმოების, დისტრიბუციის... სახელწოდება თბილისის უნივერსიტეტის გამომცემლობა,
გამოცემის, წარმოების, დისტრიბუციის... თარიღი 1970.
300 ## - ფიზიკური აღწერა
Extent 316 გვ. :
Other physical details პორტრ. ;
Dimensions 22 სმ.
653 ## - INDEX TERM--UNCONTROLLED
Uncontrolled term აზიის ქვეყნების ისტორია
653 ## - INDEX TERM--UNCONTROLLED
Uncontrolled term აფრიკის ქვეყნების ისტორია
700 ## - ADDED ENTRY--PERSONAL NAME
Personal name მენთეშაშვილი, ალბერტ
Relator term ავტორი
9 (RLIN) 24353
700 ## - ADDED ENTRY--PERSONAL NAME
Personal name ცინცაძე, იოსებ
Relator term ავტორი
9 (RLIN) 26248
942 ## - ADDED ENTRY ELEMENTS (KOHA)
Source of classification or shelving scheme
Koha item type წიგნი
ეგზემპლარები
ჩამოწერის სტატუსი დაკარგული ეგზემპლარის სტატუსი კლასიფიკაციის წყარო ან თაროზე გაწყობის სქემა დაზიანების სტატუსი არ გაიცემა მუდმივი მდებარეობა (დაცვის ადგილი) ამჟამინდელი ადგილსამყოფელი თაროზე განთავსების ადგილი შეძენის თარიღი ღირებულება, შესყიდვის ნორმალური ფასი სრული შენახვის შიფრი შტრიხკოდი ბოლო ოპერაციის თარიღი ეგზემპლარის მიმდევრობითი ნომერი (კეტერი?) ფასის ძალაში შესვლის თარიღი ეგზემპლარის სახეობა საჯარო შენიშვნა
          ბათუმის შოთა რუსთაველის სახელმწიფო უნივერსიტეტის მთავარი ბიბლიოთეკა ბათუმის შოთა რუსთაველის სახელმწიფო უნივერსიტეტის მთავარი ბიბლიოთეკა წიგნსაცავი 2025-11-17 1.80 94(5) + 94(6) დ-74 28247 2025-11-17 28247 2025-11-17 წიგნი 1.80 ₾.